00382 2200157 4500001002100000005001500021035002000036245003900056100001400095300001200109260004700121082000800168084001400176020002200190990001200212INLIS00000000000176820250505032008 a0010-05250000601 aMalioboro At Midnight /cSkysphire0 aSkysphire a430 hlm aJakarta :bPT. Bukune Kreatif Cipta,c2023 a813 a813 SKY m a978-602-220-490-9 a0754599